| 000 | 00589cam a2200217 4500 | ||
|---|---|---|---|
| 001 | B1630 | ||
| 008 | 090401t1986 xxu||||| |||| 00| 0 eng d | ||
| 035 | _a(Sirsi) u45518 | ||
| 041 | _aeng | ||
| 050 | _a333.337 | ||
| 110 |
_aKFR Research _92319 |
||
| 245 | _aCommercial development briefs . - Volume 1 number 3 (February 1986) Hammersmith and Ealing | ||
| 260 |
_aLondon _bKnight Frank and Rutley _c1986 |
||
| 300 | _a12p. : ill.,maps ; 30cm. | ||
| 350 | _a0 | ||
| 650 | _aDEVELOPMENT | ||
| 650 | _aINDUSTRIAL PROPERTY | ||
| 650 | _aOFFICES | ||
| 942 | _n0 | ||
| 948 | _c04/03/1997 | ||
| 999 |
_c91747 _d91747 |
||